000 00641nam a2200205Ia 4500
003 GCL
008 140319s9999 xx 000 0 ara d
040 _aGCL /
_cGCL
082 0 4 _a909
_bت ت
100 1 _aمحمد مأمون نجا
245 1 0 _aتاريخ العالم من 1914 الى 1950 /
_cمحمد مأمون نجا
700 1 _aتوسن، دافذ
700 1 _aحسين كامل ابوالليف (مترجم)
300 _a332 ص
490 _aالالف كتاب
_v0
650 0 4 _aالعلوم الاجتماعية
650 0 4 _aالعلوم الانسانية
650 0 4 _aالعالم - تاريخ
942 _2ddc
_cBK
999 _c44873
_d44873